Том 50; Византийский временник

Podrobná bibliografie
Parent link:Византийский временник: ежегодник/ Академия наук СССР (АН СССР), Институт всеобщей истории (ИВИ). Том 50.— , 1949-
Další autoři: Литаврин Г. Г. (редактор)
Jazyk:ruština
Vydáno: 1989
Témata:
Médium: MixedMaterials Kniha
KOHA link:https://koha.lib.tpu.ru/cgi-bin/koha/opac-detail.pl?biblionumber=221141

MARC

LEADER 00000nam2a2200000 4500
001 221141
005 20231101230400.0
010 |a 5020089702 
035 |a (RuTPU)RU\TPU\book\241284 
035 |a RU\TPU\book\220746 
090 |a 221141 
100 |a 20120907d1989 k y0rusy50 ca 
101 0 |a rus 
102 |a RU 
105 |a a z 001zy 
200 0 |a Том 50  |f под ред. Г. Г. Литаврина 
210 |d 1989 
215 |a 264 с. 
320 |a Список науч. тр. З. В. Удальцовой: с. 254-259. 
461 1 |0 (RuTPU)RU\TPU\book\24037  |t Византийский временник  |o ежегодник  |f Академия наук СССР (АН СССР), Институт всеобщей истории (ИВИ)  |v Том 50  |d 1949- 
606 1 |a Византия  |x История  |2 stltpush  |3 (RuTPU)RU\TPU\subj\59047  |9 76695 
610 1 |a история 
610 1 |a средние века 
610 1 |a христианство 
610 1 |a искусство 
610 1 |a культура 
686 |a Т3(0)4-9  |v LBC/SL-A  |2 rubbk 
702 1 |a Литаврин  |b Г. Г.  |4 340 
801 0 |a RU  |b 63413507  |c 20011209  |g PSBO 
801 1 |a RU  |b 63413507  |c 20020422  |g PSBO 
801 2 |a RU  |b 63413507  |c 20230407  |g PSBO 
942 |c BK